Pozemkové spolky : jak může vlastník, úředník a ochranář najít společnou řeč? /

Main Author: Ptáček, Ladislav
Other Authors: Moravec, Jan, 1963-
Language: Czech
Published: Praha : Český svaz ochránců přírody, 2003
Physical Description: 23 s. : barev. il., mapa ; 21 cm
Book
Saved in:
LEADER 01299nam a2200361 a 4500
001 000675689
003 CZ BrMZK
005 20090402102517.0
007 ta
008 030630s2003 xr ab e f 000 0 cze d
015 |a cnb001252079 
020 |a 80-902654-9-9  |q (brož.) 
035 |a (OCoLC)403615590 
040 |a BOA001  |b cze 
043 |a e-xr--- 
072 7 |a 061.2  |x Nevládní organizace a kooperace  |2 Konspekt  |9 18 
080 |a 332.2:061  |2 MRF 
080 |a 502.17  |2 MRF 
080 |a (437.3)  |2 MRF 
080 |a (036)  |2 MRF 
100 1 |a Ptáček, Ladislav  |7 xx0018179  |4 aut 
245 1 0 |a Pozemkové spolky :  |b jak může vlastník, úředník a ochranář najít společnou řeč? /  |c [texty: Ladislav Ptáček, Jan Moravec] 
260 |a Praha :  |b Český svaz ochránců přírody,  |c 2003 
300 |a 23 s. :  |b barev. il., mapa ;  |c 21 cm 
500 |a Název a podnázev z obálky 
500 |a 12 000 výt. 
650 0 7 |a pozemkové spolky  |7 ph124465  |z Česko  |2 czenas 
650 0 7 |a ochrana přírody  |7 ph115552  |z Česko  |2 czenas 
655 7 |a informační publikace  |7 fd132454  |2 czenas 
700 1 |a Moravec, Jan,  |d 1963-  |7 skuk0000917  |4 aut 
910 |a BOA001  |b 2-1121.994 
990 |a BK 
996 6 |b 2610195771  |c 2-1121.994  |l MZK  |r Sklad / do 1 hodiny  |n 0  |p p.v.  |w 000675689  |u 000010  |a 1  |e BOA001  |j MZK50  |s P